[Event "37th Greek Teams"]
[Site "Kallithea GRE"]
[Date "2009.07.09"]
[Round "9"]
[White "Dorfanis,I"]
[Black "Skoulakis,C"]
[Result "1/2-1/2"]
[WhiteElo "2194"]
[BlackElo "2132"]

1.e4 c5 2.Nf3 e6 3.d4 cxd4 4.Nxd4 Nc6 5.Nc3 Qc7 6.Be2 a6 7.O-O Nf6 8.Be3 Bb4
9.Na4 Be7 10.Nxc6 bxc6 11.Nb6 Rb8 12.Nxc8 Qxc8 13.e5 Nd5 14.Bc1 c5 15.c4 Nb4
16.b3 Qc7 17.Bb2 Nc6 18.f4 Nd4 19.Kh1 Nf5 20.Qd2 h5  1/2-1/2

[Event "ch-SWE"]
[Site "Kungsor SWE"]
[Date "2009.07.09"]
[Round "11"]
[White "Hillarp Persson,T"]
[Black "Cramling,P"]
[Result "1/2-1/2"]
[WhiteElo "2618"]
[BlackElo "2528"]

1.e4 c5 2.Nf3 e6 3.d4 cxd4 4.Nxd4 Nc6 5.Nc3 Qc7 6.Be2 a6 7.O-O Nf6 8.Be3 d6
9.f4 Be7 10.Kh1 O-O 11.Qe1 Nxd4 12.Bxd4 b5 13.a3 Bb7 14.Qg3 Bc6 15.Bd3 e5
16.fxe5 Nh5 17.Qh3 dxe5 18.Be3 Nf4 19.Bxf4 exf4 20.e5 g6 21.Rae1 Bg5 22.e6 Rae8
23.Ne4 Bxe4 24.exf7+ Rxf7 25.Rxe4 Rxe4 26.Bxe4 Qe5 27.Bd3 Kg7 28.b4 Qe3 29.Qg4 Be7
30.Rf3 Qc1+ 31.Rf1 Qxa3 32.Qe6 Qxb4 33.Qxa6 Rf6 34.Qxb5 Qxb5 35.Bxb5  1/2-1/2

[Event "XXXII Open"]
[Site "Barbera ESP"]
[Date "2009.07.10"]
[Round "7"]
[White "Deshpande,Ani"]
[Black "Cruz,Cr"]
[Result "0-1"]
[WhiteElo "2211"]
[BlackElo "2525"]

1.e4 c5 2.Nf3 Nc6 3.d4 cxd4 4.Nxd4 e6 5.Nc3 Qc7 6.Be2 a6 7.O-O Nf6 8.Be3 Be7
9.Kh1 O-O 10.f4 d6 11.Qe1 Nxd4 12.Bxd4 b5 13.a3 Bb7 14.Qg3 Bc6 15.Bd3 Qb7
16.b4 Rac8 17.Rae1 Rfd8 18.Qh3 g6 19.Re2 Rd7 20.e5 dxe5 21.Bxe5 Rdd8 22.Qh6 Bf8
23.Qh4 Nd7 24.Be4 Nxe5 25.fxe5 Qe7 26.Qf4 Be8 27.Nd1 Bg7 28.Bd3 Rd5 29.Nf2 Qc7
30.Ng4 f5 31.exf6 Qxf4 32.Rxf4 Rxd3 33.Re1 Rxc2 34.fxg7 Bc6 35.Rf2 Rxf2 36.Nxf2 Rxa3
37.h3 Bd5 38.Rb1 Rg3 39.Rg1 Kxg7 40.Kh2 Rb3 41.Ra1 Rxb4 42.Rxa6 h5 43.Nd3 Rd4
44.Nc5 Kf6  0-1

[Event "Ch-Paris Int"]
[Site "Coubertin FRA"]
[Date "2009.07.10"]
[Round "7"]
[White "Satyapragyan,S"]
[Black "Salaun,Y"]
[Result "1-0"]
[WhiteElo "2423"]
[BlackElo "2329"]

1.e4 c5 2.Nc3 Nc6 3.Nf3 e6 4.d4 cxd4 5.Nxd4 a6 6.Nxc6 bxc6 7.Bd3 d6 8.O-O Nf6
9.b3 Be7 10.Bb2 O-O 11.Qe2 e5 12.Na4 Bg4 13.f3 Bc8 14.f4 Bg4 15.Qf2 exf4
16.Qxf4 Be6 17.e5 Nd5 18.Qe4 g6 19.Rad1 Bg5 20.Rde1 Re8 21.exd6 f6 22.Qd4 Bf7
23.Be4 Qxd6 24.c4 Bf4 25.Rxf4 Qxf4 26.cxd5 cxd5 27.Rf1 Qe5 28.Bd3 Qe3+ 29.Qxe3 Rxe3
30.Nc5 d4 31.Rd1 Rd8 32.Bxa6 Re5 33.Rc1 h5 34.a4 Rxc5 35.Rxc5 d3 36.Bc1 d2
37.Bxd2 Rxd2 38.Bc4 Bxc4 39.Rxc4 Kf7 40.a5 Ke6 41.a6 Rd8 42.Rc6+ Ke5 43.b4 Rd2
44.a7 Rd8 45.b5  1-0

[Event "19th Heart of Finland Open"]
[Site "Jyvaskyla FIN"]
[Date "2009.07.10"]
[Round "6"]
[White "Rantanen,Y"]
[Black "Swinkels,R"]
[Result "0-1"]
[WhiteElo "2376"]
[BlackElo "2516"]

1.e4 c5 2.Nf3 e6 3.d4 cxd4 4.Nxd4 Nc6 5.Nc3 Qc7 6.Be2 a6 7.O-O Nf6 8.Be3 Bb4
9.Nxc6 bxc6 10.f4 Bxc3 11.bxc3 Nxe4 12.Bf3 Nd6 13.Qd3 Nf5 14.Bc5 Qa5 15.Bb4 Qb6+
16.Kh1 a5 17.Ba3 Ba6 18.c4 Qd4 19.Rfd1 Qxd3 20.cxd3 d5 21.Bc5 Kd7 22.Rac1 Rhb8
23.Rd2 Rb7 24.Bd1 Rab8 25.Bb3 h5 26.Kg1 Rg8 27.Ba4 Rgb8 28.Bb3 Nd6 29.Rdc2 dxc4
30.dxc4 Ne4 31.Bd4 Rb4 32.Re2 f5 33.Be5 R8b7 34.Re3 Ke7 35.Bc3 Nxc3 36.Rexc3 c5
37.Kf2 Rd7 38.a3 Rb6 39.Ke3 Rd4 40.g3 Rbd6 41.R1c2 Bb7 42.Re2 h4 43.Bc2 hxg3
44.hxg3 Be4 45.Rf2 Kf6 46.Bxe4 Rxe4+ 47.Kf3 Rdd4 48.Rfc2 a4 49.Rc1 e5 50.fxe5+ Kxe5
51.R1c2 g6 52.Rc1 Kf6 53.R1c2 Kg5 54.Rc1 Rg4 55.Ke2 f4 56.gxf4+ Rdxf4 57.Re3 Re4
58.Rxe4 Rxe4+ 59.Kd3 Rf4 60.Rb1 Rf3+ 61.Ke4 Rxa3 62.Kd5 Kf4 63.Kxc5 g5 64.Rb8 Rb3
65.Rf8+ Ke5 66.Re8+ Kf6 67.Kd6 Rd3+ 68.Kc6 a3 69.Re2 Rb3 70.Ra2 g4 71.c5 g3
72.Kd7 Rd3+ 73.Kc7 Kg5 74.c6 Kg4 75.Kb7 Rb3+ 76.Ka7 Rc3 77.Kb7 Rb3+ 78.Ka7 Rc3
79.Kb7 Kf3 80.c7 g2 81.Rxa3 Rxa3 82.c8=Q Rb3+ 83.Ka6 g1=Q 84.Qf5+ Kg3 85.Qe5+ Kf2
86.Qf4+ Rf3 87.Qd2+ Kf1  0-1

[Event "LTC Open A"]
[Site "Leiden NED"]
[Date "2009.07.10"]
[Round "1"]
[White "Pavlovic,Milos"]
[Black "Both,Ge"]
[Result "1-0"]
[WhiteElo "2535"]
[BlackElo "2022"]

1.e4 c5 2.Nf3 e6 3.d4 cxd4 4.Nxd4 Nc6 5.Nc3 a6 6.Be2 Qc7 7.O-O Nf6 8.Be3 Be7
9.f4 d6 10.Kh1 O-O 11.a4 Na5 12.Qe1 b6 13.Qg3 Kh8 14.Rae1 Bb7 15.Bd3 Nc4
16.Bc1 Rac8 17.Qh3 Qc5 18.e5 dxe5 19.Nb3 Qc7 20.fxe5 Nxe5 21.Rxe5 Qxe5 22.Rxf6 g6
23.Rf1 Bf6 24.Bf4 Qh5 25.Qxh5 gxh5 26.Bd6 Rg8 27.Rxf6 Rxg2 28.Rxf7 Rg7+ 29.Rxb7 Rxb7
30.Bxa6  1-0

[Event "XI Open"]
[Site "Torredembarra ESP"]
[Date "2009.07.10"]
[Round "7"]
[White "Mladenov,P"]
[Black "Ivanov,Jo"]
[Result "1-0"]
[WhiteElo "2362"]
[BlackElo "2431"]

1.Nf3 c5 2.e4 e6 3.d4 cxd4 4.Nxd4 Nc6 5.Nc3 Qc7 6.Be3 a6 7.Be2 Nf6 8.O-O Be7
9.f4 d6 10.Qe1 O-O 11.Qg3 Nxd4 12.Bxd4 b5 13.a3 Bb7 14.Rae1 Rac8 15.Kh1 Bc6
16.Bd3 e5 17.fxe5 Nh5 18.Qh3 dxe5 19.Bxe5 Qxe5 20.Rf5 Qd4 21.Rxh5 g6 22.Rxh7 Bd7
23.Qh6 Rxc3 24.e5  1-0

[Event "FSIMB July"]
[Site "Budapest HUN"]
[Date "2009.07.11"]
[Round "8"]
[White "Lammers,M"]
[Black "Admiraal,M"]
[Result "1/2-1/2"]
[WhiteElo "2297"]
[BlackElo "2173"]

1.e4 c5 2.Nf3 e6 3.d4 cxd4 4.Nxd4 Nc6 5.Nc3 Qc7 6.Be3 a6 7.Qd2 Nf6 8.f3 Ne5
9.O-O-O b5 10.Kb1 Bb7 11.g4 h6 12.Rg1 b4 13.Na4 Bc6 14.b3 Bxa4 15.bxa4 d5
16.g5  1/2-1/2

[Event "ch-SWE"]
[Site "Kungsor SWE"]
[Date "2009.07.11"]
[Round "13"]
[White "Nithander,V"]
[Black "Cramling,P"]
[Result "1/2-1/2"]
[WhiteElo "2422"]
[BlackElo "2528"]

1.e4 c5 2.Nf3 e6 3.d4 cxd4 4.Nxd4 Nc6 5.Nc3 Qc7 6.Be2 a6 7.O-O Nf6 8.Be3 d6
9.f4 Be7 10.Kh1 O-O  1/2-1/2

[Event "8th Open"]
[Site "La Fere FRA"]
[Date "2009.07.11"]
[Round "9"]
[White "Lucas,B"]
[Black "Hutin,E"]
[Result "0-1"]
[WhiteElo "1709"]
[BlackElo "1919"]

1.e4 c5 2.Nf3 e6 3.d4 cxd4 4.Nxd4 Nc6 5.Nc3 Qc7 6.Nf3 Bb4 7.Bd2 Nf6 8.Bd3 a6
9.O-O O-O 10.Qe2 Ng4 11.h3 Nge5 12.a3 Be7 13.Be3 b5 14.Rfd1 Bb7 15.Nd2 Nxd3
16.cxd3 Rfd8 17.d4 d5 18.e5 Na5 19.Rac1 Qd7 20.Ncb1 Nc4 21.Nb3 a5 22.Nc5 Bxc5
23.dxc5 Nxe5 24.Bd4 Ng6 25.Nc3 b4 26.Nb5 Ba6 27.a4 Rdc8 28.Rc2 Rab8 29.Rdc1 Bxb5
30.axb5 Qxb5 31.Qe3 Qc6 32.g3 Rb5 33.h4 Ne7 34.g4 f6 35.h5 e5 36.b3 Rc7 37.Bxe5 fxe5
38.Qxe5 Qd7 39.f3 Nc6 40.Qd6 Nd4  0-1

[Event "XI Open"]
[Site "Torredembarra ESP"]
[Date "2009.07.11"]
[Round "8"]
[White "Farran Martos,F"]
[Black "Ivanov,Jo"]
[Result "1-0"]
[WhiteElo "2201"]
[BlackElo "2431"]

1.e4 c5 2.Nf3 e6 3.d4 cxd4 4.Nxd4 Nc6 5.Nc3 Qc7 6.Be3 a6 7.Qd2 Nf6 8.O-O-O Bb4
9.f3 Ne5 10.Nb3 b5 11.Qe1 Rb8 12.Qg3 Nh5 13.Qf2 Nc4 14.Bd4 O-O 15.Qh4 Nf4
16.Qg3 f6 17.Bc5 Bxc5 18.Nxc5 Qxc5 19.Qxf4 Qb4 20.Bxc4 bxc4 21.Kd2 Bb7 22.a3 Qb6
23.Qe3 Qc7 24.Kc1 Bc6 25.Rd2 Rfd8 26.h4 Kh8 27.h5 h6 28.Ne2 e5 29.Rhd1 Qb7
30.Qc3 d5 31.exd5 Rxd5 32.Rxd5 Bxd5 33.Ng3 Bf7 34.Ne4 Bxh5 35.Nd6 Qc7 36.Qxc4 Qb6
37.b4 a5 38.b5 Rd8 39.Qc6 Qe3+ 40.Kb2 Rb8 41.Nc4 Qf4 42.b6 e4 43.Rd4 Qg3
44.Rxe4 Bf7 45.Rg4 Qf2 46.Qc7 Rf8 47.Nd6 Kg8 48.b7  1-0

[Event "XXXII Open"]
[Site "Barbera ESP"]
[Date "2009.07.12"]
[Round "9"]
[White "Alonso Moyano,J"]
[Black "Vehi Bach,V"]
[Result "1-0"]
[WhiteElo "2365"]
[BlackElo "2387"]

1.e4 c5 2.Nf3 e6 3.d4 cxd4 4.Nxd4 Nc6 5.Nc3 Qc7 6.Be3 a6 7.Qd2 Nxd4 8.Bxd4 b5
9.Bd3 Ne7 10.f4 Nc6 11.Be3 d6 12.a4 b4 13.Ne2 Rb8 14.b3 Be7 15.O-O O-O 16.Rf3 d5
17.exd5 exd5 18.f5 Bf6 19.Raf1 Bb7 20.Rg3 Ne5 21.Bh6 Kh8 22.Bxg7+ Bxg7 23.f6 Qb6+
24.Kh1  1-0

[Event "XXIX Open"]
[Site "Benasque ESP"]
[Date "2009.07.12"]
[Round "11"]
[White "Edouard,R"]
[Black "Jansa,Vl"]
[Result "1-0"]
[WhiteElo "2597"]
[BlackElo "2470"]

1.e4 c5 2.Nf3 e6 3.d4 cxd4 4.Nxd4 Nc6 5.Nc3 a6 6.Nxc6 bxc6 7.Bd3 d5 8.O-O Nf6
9.Re1 Be7 10.e5 Nd7 11.Qg4 g6 12.Na4 O-O 13.Bh6 Re8 14.c4 Nb6 15.Nxb6 Qxb6
16.b3 Bb7 17.h4 dxc4 18.Bxc4 Rad8 19.Bxe6 Qd4 20.Rad1 Qxg4 21.Bxg4 Bxh4 22.g3 Rxd1
23.Rxd1 Be7 24.Rd7 Bc8 25.Rxe7 Rxe7 26.Bxc8 a5 27.f4 a4 28.bxa4 Rc7 29.Bg4 c5
30.Kf2 c4 31.Ke1 c3 32.Kd1 c2+ 33.Kc1 Rc3 34.a5 Rxg3 35.a6 Ra3 36.Bc8 Ra4
37.a3 Rxa3 38.Kxc2  1-0

[Event "Euskal Xake Eskola"]
[Site "Donostia ESP"]
[Date "2009.07.12"]
[Round "5"]
[White "Huerga Leache,M"]
[Black "Franco Alonso,A"]
[Result "1/2-1/2"]
[WhiteElo "2456"]
[BlackElo "2480"]

1.e4 c5 2.Nf3 e6 3.d4 cxd4 4.Nxd4 Nc6 5.Nc3 Qc7 6.Be3 a6 7.Qd2 Nf6 8.O-O-O Bb4
9.f3 O-O 10.g4 b5 11.g5 Ne8 12.h4 Ne5 13.h5 Bb7 14.g6 fxg6 15.hxg6 Nxg6 16.Qg2 Bxc3
17.bxc3 Nf6 18.Bd3 Ne5 19.Rdg1 Rf7 20.Kb1 Qxc3 21.Nb3 Qc7 22.Bg5 Kh8 23.Rh3 Nxd3
24.cxd3 d5 25.Rgh1 dxe4 26.dxe4 e5 27.Bd2 g6 28.Ba5 Qc4 29.Qxg6 Raf8 30.Bd2 Rg7
31.Qh6 Nxe4 32.fxe4 Bxe4+ 33.Kb2 Qc2+ 34.Ka3 Bxh1 35.Rxh1 Qg6 36.Qh2 Qg3
37.Bh6 Qxh2 38.Rxh2 Rf4 39.Bxf4 exf4 40.Rf2 Rg4 41.Nc5 a5 42.Nb3 Rg3 43.Kb2 f3
44.Nd2 Rg2 45.Ne4 Rxf2+ 46.Nxf2 Kg7 47.Kc3 Kf6 48.Kd4 Kf5 49.Ke3 Ke5 50.Ne4 Kd5
51.Nf6+ Kc4 52.Nxh7 Kc3 53.Nf6 Kb2 54.Ne4 b4 55.Nd2 a4 56.Nxf3 b3 57.a3 Kxa3
58.Kd3 Kb2 59.Kc4 Kc1 60.Kc3 b2 61.Nd2 a3 62.Nb3+ Kd1 63.Nd2 Kc1 64.Nb3+ Kd1
65.Nd2 a2 66.Kxb2 Kxd2 67.Kxa2  1/2-1/2

[Event "19th Heart of Finland Open"]
[Site "Jyvaskyla FIN"]
[Date "2009.07.12"]
[Round "9"]
[White "Nevanlinna,R"]
[Black "Haapasalo,JP"]
[Result "0-1"]
[WhiteElo "2292"]
[BlackElo "2130"]

1.e4 c5 2.Nf3 e6 3.d4 cxd4 4.Nxd4 Nc6 5.Nc3 a6 6.Be3 Qc7 7.Qd2 Nf6 8.O-O-O Bb4
9.f3 Ne5 10.Nb3 O-O 11.Qf2 b5 12.Bd4 Be7 13.g4 d6 14.g5 Nfd7 15.Rg1 b4 16.Nb1 a5
17.f4 a4 18.N3d2 Nc6 19.Bxg7 Kxg7 20.Qh4 Kh8 21.Qh5 Ba6 22.Nc4 d5 23.exd5 Qxf4+
24.Nbd2 Nce5 25.dxe6 Bxc4 26.Bxc4 Nxc4 27.Rg4 Qf5 28.Nxc4 Nf6 29.Ne3 Qc5  0-1

[Event "Richard Riordan GM Rapid"]
[Site "Natanya ISR"]
[Date "2009.07.12"]
[Round "3"]
[White "Najer,E"]
[Black "Polgar,Ju"]
[Result "1-0"]
[WhiteElo "2663"]
[BlackElo "2687"]

1.e4 c5 2.Nf3 e6 3.d4 cxd4 4.Nxd4 Nc6 5.Nc3 Qc7 6.Be3 a6 7.Qd2 Nf6 8.O-O-O Bb4
9.f3 Ne5 10.Nb3 b5 11.Qe1 Be7 12.f4 Nc4 13.e5 Ng4 14.Bd4 Bb7 15.Kb1 O-O 16.Ne4 Nce3
17.Bxe3 Bxe4 18.Bd3 Bxd3 19.Rxd3 Rac8 20.Rc3 Qb7 21.Bc5 Bxc5 22.Nxc5 Qd5
23.Qe2 b4 24.Rd1 Qxd1+ 25.Qxd1 bxc3 26.b4 Ne3 27.Qd4 Nd5 28.a3 Rc6 29.f5 d6
30.fxe6 dxc5 31.exf7+ Kxf7 32.Qxd5+ Re6 33.Qxc5 Rfe8 34.Qc4 Kf8 35.Ka2 Ke7
36.Qxc3 Kd7 37.Qd3+ Kc7 38.Qxh7 R8e7 39.Qd3 Kb7 40.Qd5+ Kc7 41.Qc4+ Kb6 42.Qc8 Rc6
43.Qf5 Rce6 44.Qf2+ Kb7 45.Qf3+ Kb6 46.Kb3 Rxe5 47.c3 Re3 48.Qf4 Kb7 49.a4 R3e5
50.a5 Re3 51.h4 R3e4 52.Qf2 Re3 53.Qd2 R3e6 54.h5 Re5 55.g4 R5e6 56.Qd5+ Rc6
57.Qd4 Rce6 58.g5 Rc6 59.Qd5 Kc7 60.Qg8 Kb7 61.Qf8 Rec7 62.Qf3 Ka7 63.Qe3+ Kb7
64.Qe4 Kb8 65.c4 Rd6 66.Qf4 Rd3+ 67.Ka4 Rc3 68.c5 Rd3 69.Qc4 Rd1 70.Qxa6 Rb7
71.Qc4 Ra1+ 72.Kb3 Rb1+ 73.Ka3 Ra1+ 74.Kb2 Rg1 75.Qf4+ Ka7 76.c6 Rg2+ 77.Kc3 Re7
78.Qd4+  1-0

[Event "6th South Wales Int"]
[Site "Treforest WLS"]
[Date "2009.07.13"]
[Round "4"]
[White "Rudd,J"]
[Black "Harley Yeo,G"]
[Result "1-0"]
[WhiteElo "2326"]
[BlackElo "2043"]

1.e4 c5 2.Nf3 e6 3.d4 cxd4 4.Nxd4 Nc6 5.Nc3 Qc7 6.g3 a6 7.Bg2 Nf6 8.Nb3 Be7
9.O-O O-O 10.a4 d6 11.f4 e5 12.f5 h6 13.g4 Nh7 14.Nd5 Qd8 15.Be3 Bg5 16.Bb6 Qd7
17.Qe1 Bd8 18.h4 Nf6 19.Nxf6+ Bxf6 20.Nd2 Qe7 21.Nf3 g5 22.Be3 Kh7 23.Qd2 Rg8
24.hxg5 hxg5 25.Kf2 Kg7 26.Nxg5 Bxg5 27.Bxg5 f6 28.Bh6+ Kf7 29.Qd5+  1-0

[Event "6th South Wales Int"]
[Site "Treforest WLS"]
[Date "2009.07.13"]
[Round "4"]
[White "Quinn,Jos"]
[Black "Arkell,K"]
[Result "0-1"]
[WhiteElo "1852"]
[BlackElo "2521"]

1.e4 c5 2.Nf3 Nc6 3.d4 cxd4 4.Nxd4 e6 5.Nc3 a6 6.Be2 Qc7 7.O-O Nxd4 8.Qxd4 Ne7
9.Be3 Nc6 10.Qd2 Be7 11.f4 O-O 12.a3 b5 13.b4 d6 14.Bd3 Bb7 15.Ne2 Rad8 16.c3 e5
17.f5 Bf6 18.Ng3 d5 19.Bg5 Bxg5 20.Qxg5 f6 21.Qh5 Ne7 22.Rac1 dxe4 23.Bxe4 Rd2
24.Qg4 Nd5 25.Rfd1 Qb6+ 26.Kh1 Ne3 27.Qf3 Nxd1 28.Rxd1 Rxd1+ 29.Qxd1 Rd8
30.Qf3 Bxe4 31.Nxe4 Qc6 32.h3 Qd5 33.Kh2 Kf8 34.Qe3 h6 35.Nc5 Kg8 36.Ne6 Rd6
37.Qa7 Rxe6 38.fxe6 Qxe6 39.Qe3 f5 40.Qf3 e4 41.Qe2 Qe5+ 42.Kh1 Qxc3  0-1

[Event "12th Open"]
[Site "Malaga ESP"]
[Date "2009.07.14"]
[Round "5"]
[White "Korneev,O"]
[Black "Bellon Lopez,JuM"]
[Result "1-0"]
[WhiteElo "2537"]
[BlackElo "2445"]

1.e4 c5 2.Nf3 e6 3.d4 cxd4 4.Nxd4 Nc6 5.Nc3 Qc7 6.Be3 a6 7.Qd2 Nf6 8.O-O-O Nxd4
9.Qxd4 d6 10.Qb6 Qxb6 11.Bxb6 Bd7 12.f3 Rc8 13.g4 Bc6 14.h4 Be7 15.a3 d5
16.g5 Nd7 17.Bd4 dxe4 18.Nxe4 O-O 19.Bd3 Bd5 20.Rhg1 Nc5 21.Nf6+ Bxf6 22.gxf6 g6
23.Bxc5 Rxc5 24.Be4 Rfc8 25.c3 h5 26.Kd2 Bb3 27.Rdf1 Rb5 28.Ke3 a5 29.Rf2 Rd8
30.f4 b6 31.Rgg2 Rc5 32.Rd2 Bd5 33.Rg5 Rd6 34.Rd4 Kf8 35.Re5 Rcc6 36.Kd3 Bxe4+
37.Kxe4 Ke8 38.b4 axb4 39.cxb4 Kd7 40.a4 Rc1 41.Rxd6+ Kxd6 42.Ke3 Rc3+ 43.Kd4 Rf3
44.Re4 Ra3 45.Kc4 Rxa4 46.Kb5 Ra8 47.Kxb6 Kd5 48.Re5+ Kd6 49.Re4 Kd5 50.Re5+ Kd6
51.Kb7 Ra4 52.Re4 Kd5 53.Re5+ Kd6 54.Rb5 Ra3 55.Kc8 Rf3 56.Rb6+ Kd5 57.Kd7 Rxf4
58.Ke7 e5 59.Rd6+ Kc4 60.Kxf7 Rxh4 61.Kg7  1-0

[Event "Richard Riordan GM Rapid"]
[Site "Natanya ISR"]
[Date "2009.07.14"]
[Round "11"]
[White "Sutovsky,E"]
[Black "Polgar,Ju"]
[Result "0-1"]
[WhiteElo "2675"]
[BlackElo "2687"]

1.e4 c5 2.Nf3 e6 3.d4 cxd4 4.Nxd4 Nc6 5.Nc3 Qc7 6.Be3 a6 7.Qd2 Nf6 8.O-O-O Bb4
9.f3 Ne5 10.Nb3 b5 11.Qe1 Be7 12.f4 Nc4 13.e5 Ng4 14.Bd4 Bb7 15.Bxc4 bxc4
16.Nd2 Nh6 17.Qe2 Rc8 18.Nde4 Nf5 19.g4 Nxd4 20.Rxd4 O-O 21.g5 Bxe4 22.Nxe4 Qa5
23.Kb1 c3 24.Rhd1 Rb8 25.b3 Rfc8 26.Qd3 Bb4 27.Rc4 Rxc4 28.Qxc4 d5 29.exd6 Qa3
30.Nxc3 Bxd6 31.Ne4 Bf8 32.Rd7 Qa5 33.a4 Qe1+ 34.Ka2 Rb4 35.Qc8 Rxe4 36.Rb7 Qc1
37.b4 Re3  0-1

[Event "Open"]
[Site "Rethymno GRE"]
[Date "2009.07.14"]
[Round "4"]
[White "Kapnisis,S"]
[Black "Van Kooten,L"]
[Result "1-0"]
[WhiteElo "2464"]
[BlackElo "2277"]

1.e4 c5 2.Nf3 e6 3.d4 cxd4 4.Nxd4 Nc6 5.Nc3 Qc7 6.Be3 a6 7.Qd2 Nf6 8.O-O-O Bb4
9.f3 O-O 10.Bg5 Be7 11.g4 b5 12.Bf4 e5 13.g5 b4 14.gxf6 bxc3 15.Qxc3 Bxf6
16.Nxc6 dxc6 17.Be3 Be6 18.Bc4 Qe7 19.Kb1 Rfe8 20.Bb3 a5 21.Qxc6 Bxb3 22.cxb3 Rec8
23.Qd6 Qb7 24.Qb6 Qe7 25.Rc1 Qd7 26.Rxc8+ Rxc8 27.Qa6 Qh3 28.Rd1 h6 29.Qe2 Rc6
30.Rd5 Bh4 31.Rxe5 Rg6 32.Rh5 Kh7 33.a4 f5 34.exf5 Rg2 35.Qd3 Rxb2+ 36.Kc1 Rxh2
37.f6+ Kg8 38.Qd8+ Kh7 39.Qd3+ Kg8 40.Qd5+ Kh7 41.Rxh6+  1-0

[Event "Corporation Centre Cup"]
[Site "Izhevsk RUS"]
[Date "2009.07.15"]
[Round "1"]
[White "Makarenko,A"]
[Black "Utegaliyev,A"]
[Result "0-1"]
[WhiteElo "1970"]
[BlackElo "2288"]

1.e4 c5 2.Nf3 e6 3.d4 cxd4 4.Nxd4 Nc6 5.Nc3 Qc7 6.Be3 a6 7.Be2 Nf6 8.O-O Bb4
9.f3 O-O 10.Kh1 b5 11.a4 bxa4 12.Nxa4 Rb8 13.Nxc6 Qxc6 14.Bf4 Ra8 15.Be5 Be7
16.Bd4 Rb8 17.Qd2 d6 18.Rfd1 e5 19.Bf2 Be6 20.b3 d5 21.exd5 Nxd5 22.Bc4 Rbd8
23.Qa5 e4 24.fxe4 Nf4 25.Qe5 Ng6 26.Qc3 Bf6 27.Bd4 Qd6 28.Qe1 Bxd4 29.c3 Qe5
30.cxd4 Rxd4 31.Rxd4 Qxd4 32.Rd1 Qe5 33.g3 h5 34.Qe3 h4 35.Kg2 h3+ 36.Kg1 Bxc4
37.bxc4 f5 38.Qd4 fxe4 39.Nc5 e3 40.Qd5+ Qxd5 41.cxd5 Ne5 42.Nd3 Nxd3 43.Rxd3 e2  0-1

[Event "ch-SUI"]
[Site "Graechen SUI"]
[Date "2009.07.16"]
[Round "8"]
[White "Muheim,L"]
[Black "Kaenel,H"]
[Result "1/2-1/2"]
[WhiteElo "2323"]
[BlackElo "2306"]

1.e4 c5 2.Nf3 e6 3.d4 cxd4 4.Nxd4 Nc6 5.Nc3 Qc7 6.Be2 a6 7.O-O Nf6 8.Be3 b5
9.a3 Bb7 10.f4 Na5 11.e5 Ne4 12.Nxe4 Bxe4 13.Bf3 Qb7 14.b3 Rc8 15.Qd2 Bxf3
16.Nxf3 Qc7 17.Rfd1 Nb7 18.Ng5 d5 19.exd6 Nxd6 20.a4 Nf5 21.Bf2 Bc5 22.axb5 axb5
23.g4 Nh6 24.Qd3 Bxf2+ 25.Kxf2 Qxc2+ 26.Kg3 O-O 27.Qxc2 Rxc2 28.Rd3 Rfc8
29.Rad1 R8c3 30.Ne4 Rxd3+ 31.Rxd3 g6 32.Nf6+ Kg7 33.Ne8+ Kf8 34.Nf6 b4 35.Kh4 Kg7
36.Kg5 Rc5+ 37.f5 exf5 38.Ne8+ Kf8 39.Nf6 Kg7 40.Ne8+ Kf8 41.Nf6 Kg7 42.Ne8+ Kf8  1/2-1/2

[Event "Corporation Centre Cup"]
[Site "Izhevsk RUS"]
[Date "2009.07.16"]
[Round "2"]
[White "Ivanov,Vladim"]
[Black "Alavkin,A"]
[Result "0-1"]
[WhiteElo "2093"]
[BlackElo "2439"]

1.e4 c5 2.Nf3 e6 3.d4 cxd4 4.Nxd4 Nc6 5.Nc3 Qc7 6.Be3 a6 7.a3 Nf6 8.g3 b5
9.Bg2 Bb7 10.O-O Ne5 11.Bf4 d6 12.Qe2 Be7 13.Rfd1 O-O 14.Qe1 Rac8 15.Nf3 Nc4
16.e5 dxe5 17.Bxe5 Qc6 18.Nh4 Qb6 19.Bd4 Qc7 20.Be5 Nxe5 21.Bxb7 Qxb7 22.Qxe5 Rc4
23.Ng2 Ng4 24.Qe2 Bc5 25.Ne3 Bxe3 26.fxe3 Qb6 27.Re1 h5 28.h3 Nf6 29.Rad1 Qc7
30.Qf2 b4 31.axb4 Rxb4 32.Rb1 Rfb8 33.Nd1 Ne4 34.Qg2 Nxg3 35.c3 R4b5 36.h4 Nf5
37.Qh3 Qe7 38.e4 Nxh4 39.Re3 Rg5+ 40.Rg3 Nf3+ 41.Kh1 Nd2 42.Qh2 Rxg3 43.Qxg3 Qb7  0-1

[Event "12th Open"]
[Site "Malaga ESP"]
[Date "2009.07.16"]
[Round "7"]
[White "Gutierrez Jimenez,J"]
[Black "Stefansson,H"]
[Result "0-1"]
[WhiteElo "2287"]
[BlackElo "2580"]

1.e4 c5 2.Nf3 e6 3.d4 cxd4 4.Nxd4 Nc6 5.Nc3 Qc7 6.g3 a6 7.Bg2 d6 8.O-O Nf6
9.b3 Be7 10.Bb2 O-O 11.Nce2 Bd7 12.c4 Rac8 13.Rc1 Qb8 14.Re1 Nxd4 15.Nxd4 b5
16.cxb5 axb5 17.a3 Rxc1 18.Qxc1 Rc8 19.Qd2 Bf8 20.e5 dxe5 21.Nf3 Bc6 22.Nxe5 Bxg2
23.Kxg2 Bxa3 24.Bd4 Qb7+ 25.Nf3 Be7 26.Ra1 Ra8 27.Rxa8+ Qxa8 28.h3 Ne4 29.Qe3 f6
30.Kh2 e5 31.Ba7 Qd5 32.Ne1 Nd2 33.Nd3 Nf1+  0-1

[Event "Richard Riordan GM Blitz"]
[Site "Natanya ISR"]
[Date "2009.07.16"]
[Round "2"]
[White "Smirin,I"]
[Black "Polgar,Ju"]
[Result "1-0"]
[WhiteElo "2650"]
[BlackElo "2687"]

1.e4 c5 2.Nf3 e6 3.d4 cxd4 4.Nxd4 Nc6 5.Nc3 Qc7 6.f4 a6 7.Be3 b5 8.Bd3 Bb7
9.Qd2 Nf6 10.e5 Ng4 11.Bg1 Nxd4 12.Bxd4 Bc5 13.Be2 Nh6 14.O-O-O Bxd4 15.Qxd4 Rc8
16.Rd2 Nf5 17.Qb4 Qc5 18.Qxc5 Rxc5 19.Bd3 Ne3 20.Rg1 Ke7 21.Re2 Nd5 22.Nxd5+ Bxd5
23.b3 Rhc8 24.Kd2 a5 25.f5 b4 26.g4 Bc6 27.a4 bxa3 28.c4 Rb8 29.Kc3 Bf3 30.Re3 Ba8
31.Ra1 f6 32.exf6+ gxf6 33.Rxa3 e5 34.Rh3 d5 35.Rxh7+ Kd6 36.Rf7 d4+ 37.Kd2 e4
38.Rxf6+ Ke5 39.Re6+ Kf4 40.f6 exd3 41.Kxd3 Kxg4 42.Kxd4 Rf5 43.c5 Rf4+ 44.Kc3 Rf3+
45.Kd4 Rb4+ 46.Ke5 Rd3 47.f7 Re4+ 48.Kf6 Rf3+ 49.Ke7 Rxf7+ 50.Kxf7 Bd5 51.Ra4 Bxe6+
52.Ke7 Rxa4 53.bxa4 Kf5 54.c6 Ke5 55.c7 Kd5 56.h4 Bg4 57.h5 Kc6 58.h6  1-0

[Event "Open"]
[Site "Rethymno GRE"]
[Date "2009.07.16"]
[Round "6"]
[White "Kapnisis,S"]
[Black "Svetushkin,D"]
[Result "0-1"]
[WhiteElo "2464"]
[BlackElo "2607"]

1.e4 c5 2.Nf3 e6 3.d4 cxd4 4.Nxd4 Nc6 5.Nc3 Qc7 6.Be3 Nf6 7.f4 Bb4 8.Nb5 Qa5
9.e5 Nd5 10.Bd2 Nxc3 11.bxc3 Bc5 12.c4 Qd8 13.Bd3 O-O 14.Qh5 g6 15.Qh6 f5
16.Bc3 Qe7 17.h4 Nd8 18.Qg5 Qxg5 19.hxg5 b6 20.Ke2 Nb7 21.Nc7 Rb8 22.Na6 Ra8
23.Rh6 Nd8 24.Nc7 Bb7 25.Rah1 Rc8 26.Nb5 Rf7 27.Nd6 Re7 28.g4 Rb8 29.R1h2 Nc6
30.gxf5 exf5 31.Kd2 Nd4 32.Bxd4 Bxd4 33.Bxf5 Bg1 34.R2h3 gxf5 35.Nxf5 Rf7
36.Rf6 Rxf6 37.gxf6 Bf2 38.Ke2 Bc5 39.Rg3+ Kf7 40.Kd3 d6 41.Rg7+ Ke6 42.Nd4+ Bxd4
43.Kxd4 dxe5+ 44.fxe5 Rd8+ 45.Ke3 Rd7 46.Rg5 Ba6  0-1

[Event "ch-SCO"]
[Site "Edinburgh SCO"]
[Date "2009.07.17"]
[Round "7"]
[White "Poobalasingam,P"]
[Black "Neave,G"]
[Result "1-0"]
[WhiteElo "2224"]
[BlackElo "2090"]

1.e4 c5 2.Nc3 Nc6 3.Nge2 e6 4.d4 cxd4 5.Nxd4 Nf6 6.Nxc6 bxc6 7.e5 Nd5 8.Ne4 Qc7
9.f4 Qa5+ 10.Qd2 Qb6 11.a3 f5 12.exf6 Nxf6 13.Nxf6+ gxf6 14.Be2 Ba6 15.Bh5+ Kd8
16.b3 Bc5 17.Bb2 Be3 18.Bxf6+ Kc8 19.Qb4 Rg8 20.Qxb6 axb6 21.g3 Kc7 22.Be2 Bb7
23.Bf3 d5 24.Ke2 Bc5 25.Be5+ Bd6 26.Bxd6+ Kxd6 27.Kf2 e5 28.fxe5+ Kxe5 29.Rhe1+ Kd6
30.a4 Rgf8 31.g4 Rf6 32.Kg3 Rg8 33.Rad1 c5 34.c4 h5 35.h3 hxg4 36.hxg4 Rfg6
37.cxd5 Bc8 38.Re4 Bf5 39.Rc4 Bc8 40.Rf4 Re8 41.b4 cxb4 42.Rxb4 Kc7 43.Rc1+ Kd8
44.Rc6 Rxc6 45.dxc6 Kc7 46.Rf4 Be6 47.g5 Rg8 48.Rf6 Bb3 49.g6 Bxa4 50.Bd5  1-0

[Event "Corporation Centre Cup"]
[Site "Izhevsk RUS"]
[Date "2009.07.17"]
[Round "3"]
[White "Vokarev,S"]
[Black "Utegaliyev,A"]
[Result "1/2-1/2"]
[WhiteElo "2517"]
[BlackElo "2288"]

1.e4 c5 2.Nf3 e6 3.d4 cxd4 4.Nxd4 Nc6 5.Nc3 Qc7 6.Be3 a6 7.Qd2 Nf6 8.O-O-O Bb4
9.f3 Ne5 10.Nb3 b5 11.Qd4 Nc6 12.Qb6 Qxb6 13.Bxb6 Bxc3 14.bxc3 d5 15.Nc5 O-O
16.Be2 Nd7 17.Nxd7 Bxd7 18.c4 bxc4 19.exd5 exd5 20.Rxd5 Be6 21.Rc5 Rac8 22.Bxc4 Nb4
23.Bxe6 fxe6 24.Re1 Kf7 25.Re4 Nd5 26.Rxc8 Rxc8 27.Ba5 Ke7 28.a3 Rc6 29.Kb2 Rc8
30.Kb3 Rb8+ 31.Bb4+ Kf6 32.c4 a5 33.cxd5 exd5 34.Rf4+ Ke6 35.Rf8 Rb7 36.Re8+ Kf6
37.f4 axb4 38.axb4 Rd7 39.Re5 d4 40.g4 d3 41.Re1 h5 42.gxh5 Kf5 43.Kc3 Kxf4
44.Kd2 Rd5 45.h4 Rxh5 46.Rf1+ Ke4 47.Rg1 Kd4  1/2-1/2

[Event "Open"]
[Site "Rethymno GRE"]
[Date "2009.07.17"]
[Round "7"]
[White "Sorcinelli,F"]
[Black "Venkatesh,M"]
[Result "0-1"]
[WhiteElo "2200"]
[BlackElo "2426"]

1.e4 c5 2.Nc3 e6 3.Nf3 Nc6 4.d4 cxd4 5.Nxd4 Qc7 6.Be3 a6 7.Bd3 Nf6 8.O-O Nxd4
9.Bxd4 Bc5 10.Bxc5 Qxc5 11.Qe2 d6 12.Kh1 e5 13.Bc4 Be6 14.Bxe6 fxe6 15.Rad1 O-O
16.Qd3 Ng4 17.Qh3 Nxf2+  0-1

[Event "61st ch-MNE"]
[Site "Cetinje MNE"]
[Date "2009.07.18"]
[Round "8"]
[White "Kontic,D"]
[Black "Djukic,Ni"]
[Result "0-1"]
[WhiteElo "2364"]
[BlackElo "2491"]

1.e4 c5 2.Nc3 Nc6 3.Nge2 e6 4.d4 cxd4 5.Nxd4 Qc7 6.Be2 a6 7.O-O Nf6 8.Be3 Be7
9.f4 d6 10.Qe1 O-O 11.Rd1 Nxd4 12.Rxd4 b5 13.Qg3 Bb7 14.e5 Ne8 15.Bd3 dxe5
16.fxe5 f5 17.a4 Bc5 18.Rh4 Qb6 19.Bxc5 Qxc5+ 20.Kh1 Nc7 21.Ne2 Rf7 22.Nf4 Qxe5
23.Rxh7 Kxh7 24.Qh4+ Kg8 25.Ng6 Bxg2+ 26.Kxg2 Qd5+ 27.Kh3 Rd7 28.Rg1 Qd4
29.Qg5 Nd5 30.Rg3 Rf8 31.Kg2 Rf6 32.Kf1 Qxb2 33.Rh3 Rxg6 34.Qxg6 Qc1+ 35.Kf2 Qd2+
36.Kf1 Qd1+ 37.Kf2 Qd2+ 38.Kf1 Nf6 39.Rg3 Rf7 40.axb5 Ng4  0-1